00713nam a2200169 i 450000100060000000300090000600500170001500700030003200800410003510000380007624501730011426000630028730000220035085200320037299900170040495201220042170249ES-MaACL20230906170750.0t|040721s1964 sp ||||1| spa d1 aGarcía Rámila, Ismael.95515010aEstudio histórico documental sobre actos, funciones, normas laborales y económicas acaecidos en el transcurso de los siglos XVI y XVII / cIsmael García Rámila. a[Burgos : bs.n., c1964] (fImp. Diputación provincial) a398 p. ; c22 cm. aES-MaACLjC-27134 bR.56057 c70249d70249 00104070aATENEOMbATENEOMcDEPO2d2008-01-17eSCl0oC-27134p1073561r2023-02-23 00:00:00w2023-02-23yMONOGRAFIA